00717nam a2200217Ia 450000500170000000800410001702000250005804000190008304100120010208200130011410000220012724501160014926000390026530000280030444000320033250400600036463000220042465000150044665100280046185000100048920230114135443.0131103s9999 xx 000 0 und d a817236104 1cRs. 600 aLoreto College aEnglish a954bBIS aBiswas,Arun Kumar aFather Eugene Lafont of St. Xavier's College,Kolkata and the Contemporarary Science MovementcArun Kumar Biswas aKolkatabThe Asiatic Societyc2001 axxviii, 331 p.b Photos aMonograph Series; No XXXIII aIncludes index, appendix and bibliographical references aKolkata - History aHistory -  aFather Eugene Lafont -  aLCLIB